J-Hope Charting Songs (Billboard Hot 100) - Statistics

General Stats
  • This quiz has been taken 18 times
    7 since last reset
  • The average score is 7 of 9
Answer Stats
Album Weeks On Peak Artist(s) Song % Correct
Non-Album Single 2 Weeks #40 J-Hope & GloRilla Killin' It Girl
100%
Hope on the Street Vol. 1 1 Week #60 J-Hope & J. Cole On the Street
100%
Non-Album Single 1 Week #66 J-Hope ft. Miguel Sweet Dreams
100%
Non-Album Single 1 Week #81 J-Hope ft. Becky G Chicken Noodle Soup
75%
Non-Album Single 1 Week #82 Don Toliver & Speedy ft. J-Hope & Pharrell Williams LV Bag
75%
Non-Album Single 2 Weeks #50 LE SSERAFIM ft. J-Hope Spaghetti
75%
Jack in the Box 1 Week #96 J-Hope Arson
50%
Non-Album Single 1 Week #65 J-Hope Mona Lisa
50%
Jack in the Box 1 Week #82 J-Hope More
50%
No matching quizzes found
Score Distribution
Percent of People with Each Score
Percentile by Number Answered
Your Score History
You have not taken this quiz since the last reset